000 01884nam a22003257a 4500
999 _c21812
_d21812
003 AR-CdUCM
008 190425b ||||| |||| 00| 0 spa d
040 _aMUNICIPALIDAD PROVINCIAL DEL CUSCO
_cBIBLIOTECA MUNICIPAL DEL CUSCO
082 _aRev.Allp/N°15/1980
110 _aInstituto de Pastoral Andina
_912766
245 _aAllpanchis Phuturinqa :
_bRevista Anual /
260 _aCusco :
_bInstituto de Pastoral Andina,
_c1980.
300 _a193 páginas. :
_c20 cm.
440 _aRevista del Instituto de Pastoral Andina Cusco
_nAño [ ], [ ] semestre de 1980, N°15. Vol. XIV
_946216
500 _aLa Agricultura Andina
505 _aContenido: Las culturas superiores andinas y el medio geográfico. Carl Troll. -- Notas sobre la agricultura de riego en la costa peruana. Jürgen Golte. -- Hidráulica agrícola prehispánica. Roger Revines.--La actividad agropecuaria durante el periodo formativo en los andes centrales. Jorge Silva. -- La agricultura prehispánica en las punas de Junín. Ramiro Matos. -- La producción de maíz en Ollantaytambo durante el siglo XVIII. Luis Miguel Glave. -- Medidas con precio y como instrumentos para la explotación. Un expediente cusqueño del siglo XVIII. Magnus Morner. -- Problemas agrarios e historia política en el Archivo del Congreso. José Mejía. -- Derroteros de la etnohistoria en el Perú. José Deústua. -- Documentos del Cusco historia y poder. Efraín Trelles
650 _aDesarrollo rural
_94384
650 _aAgricultura
_9320
650 _aEconomía campesina
_92215
650 _aFrontera agrícola
_946028
700 _aTroll, Carl
_946217
700 _aGolte, Jürgen
_946
700 _aRevines, Rogger
_946218
700 _aSolar la Cruz, Felix
_946219
700 _aSilva, Jorge
_946220
700 _aMorner, Magnus
_94408
700 _aGlave, Luis Miguel
_918558
942 _2ddc
_cPP
945 _arac